On This Day: June 13th Quiz Stats

 Plays Quiz Updated Jun 13, 2017

Support Sporcle.
Go Orange.
Score 0/7 Timer 03:00
0 Plays Today
Question Answer Wrong Answers
This aviator, who made the first solo transatlantic flight, receives a ticker tape parade down 5th Avenue in New York City.
1927
Charles Lindbergh
91.5%
Howard Hughes
5.8%
Charles Kingsford Smith
1.5%
Steve Fossett
1.1%
In a historic meeting, President Kim Dae-jung of ______ meets Kim Jong-il, leader of North Korea, in Pyongyang.
2000
South Korea
89.7%
Japan
1.7%
China
3.6%
Bhutan
1.1%
The United States Supreme Court rules in ______ v. Arizona that the police must inform suspects of their rights before questioning them.
1966
Miranda
85%
Escobedo
4.1%
Ernesto
5.8%
Frank
3.5%
This South Korean politician and diplomat, the 8th Secretary-General of the United Nations, is born.
1944
Ban Ki-moon
73.9%
António Guterres
2.3%
Boutros Boutros-Ghali
11%
U Thant
12%
US President Lyndon B. Johnson nominates this man to become the first black justice on the US Supreme Court.
1967
Thurgood Marshall
68.3%
Clarence Thomas
18.4%
Earl Warren
8.9%
John Paul Stevens
2%
The New York Times begins publication of these, which would reveal among other things, that the US had secretly enlarged the scale of the Vietnam War.
1971
Pentagon Papers
63%
Panama Papers
8.9%
Saigon Papers
16.7%
Viet Cong Papers
7.9%
This song by The Beatles becomes their last number one hit in the US.
1970
The Long and Winding Road
30.2%
Come Together
18.7%
Hey Jude
44.3%
Lady Madonna
4%

You're not logged in!

Compare scores with friends on all Sporcle quizzes.
OR
Log In
Forgot?

From the Vault

Lost Lands

by mrsmith

There are 10 countries hiding inside of these everyday words, and we have to think that hiding can't good for diplomatic relations.
Remove Ads.
Support Sporcle.
Get the best of Sporcle when you Go Orange. This ad-free experience offers more features, more stats, and more fun while also helping to support Sporcle. Thank you for becoming a member.

Show Comments

Extras

Top Quizzes Today


Score Distribution

Your Account Isn't Verified!

In order to create a playlist on Sporcle, you need to verify the email address you used during registration. Go to your Sporcle Settings to finish the process.

Report this User

Report this user for behavior that violates our Community Guidelines.

Details: